000 03347cam a22012494i 4500
003 PE-LiUPU
005 20250813185636.0
008 140609s2012 sp a r 000 0 spa d
020 _a9788473604772
035 _a(Sirsi) i9788473604772
035 _a(Sirsi) 51907
035 _a(Sirsi) 51907
040 _dPE-LiUPU
_erda
082 0 4 _a363.11
_bC77
100 1 _aCortés Díaz, José María.
245 _aMarco normativo de la prevención de riesgos laborales /
_cJosé María Cortés Díaz.
250 _a5a edición.
264 1 _aMadrid :
_bTébar,
_c2012.
300 _a437 páginas :
_bilustraciones ;
_c24 cm
336 _atext
_btxt
_2rdacontent
337 _aunmediated
_bn
_2rdamedia
338 _avolume
_bnc
_2rdacarrier
505 0 _aLa seguridad y la salud en el trabajo en la Unión Europea -- Ley de prevención de riesgos laborales -- Desarrollo reglamentario de la ley de prevención e riesgos laborales -- Reglamentación que transpone las directivas específicassobre segu
526 _aP202
526 _aP201
526 _aP163
526 _aP162
526 _aP161
526 _aP160
526 _aP148
526 _aP147
526 _aP146
526 _aP145
526 _aP144
526 _aP143
526 _aP142
526 _aP141
526 _aP140
526 _aP139
526 _aP138
526 _aP137
526 _aP136
526 _aP135
526 _aP134
526 _aP133
526 _aP129
526 _aP128
526 _aP127
526 _aP120
526 _aP119
526 _aP118
526 _aP116
526 _aP115
526 _aP114
526 _aP110
526 _aP109
526 _aP108
526 _aP104
526 _aP103
526 _aP102
526 _aP99
526 _aP98
526 _aP97
526 _aP96
526 _aP95
526 _aP93
526 _aP90
526 _aP89
526 _aP88
526 _aP83
526 _aP82
526 _aP62
526 _aP59
526 _aP58
526 _aP57
526 _aP51
526 _aP49
526 _aP48
526 _aP47
526 _aP29
526 _aP24
526 _aP20
526 _aP19
526 _aP17
526 _aP15
526 _aP14
526 _aP12
526 _aP10
526 _aP09
526 _aP08
526 _aP07
526 _aP06
526 _aP05
526 _aP04
526 _aP01
650 1 4 _aSeguridad en el trabajo
_xDerecho
_zEspaña
_xLegislación
650 1 4 _aSeguridad industrial
_xDerecho
_zEspaña
910 _agl
_b
_cng
_d20140630
942 _2ddc
_cBOOK
949 _a363.11 C77
_i69217
_lCCODEBUL1
_mBUL
_tLIBRO
_o.STAFF. Colección General
949 _a363.11 C77
_i70070
_lCCODEBUL1
_mBUL
_tLIBRO
_o.STAFF. Colección General
596 _a1
999 _a363.11 C77
_wDEWEY
_c56221
_i69217
_f2021-11-5
_g6
_lCCODEBUL1
_mBUL
_p36.00
_r0
_sY
_tBOOK
_u2015-7-6
_xBIBLIOTECA
_PP24
_0COMPRA
_o.STAFF. Colección General
_d56221
999 _a363.11 C77
_wDEWEY
_c2
_i70070
_f2021-11-5
_g6
_lCCODEBUL1
_mBUL
_p33.00
_r0
_sY
_tBOOK
_u2015-7-24
_xFCE
_PP24
_0COMPRA
_o.STAFF. Colección General
980 _81
_gALBERTO SANCHEZ Responsable de Automatización